000 00842nam2a2200205 4500
001 RU\NLR\PER_A\002791160_001720
005 20250625081214.0
035 _a(NLR Aleph) 021997445
090 _a12444986
_c12444986
100 _a20230804d2023 |||y0rusy50 ca
101 0 _arus
102 _aRU
200 0 _a2023, № 5 (219)
210 _d2023
_aБ. м.
461 0 _1001RU\NLR\Per\539214
_12001#$aСметно-договорная работа в строительстве$eнаучно-практический журнал$v2023, № 5 (219)
_92494404
_cМосква
_d2005 -
_n[б. и.]
_oнаучно-практический журнал
_tСметно-договорная работа в строительстве
_x2075-0994
_v2023, № 5 (219)
852 _aNLR
_jП23/6991
942 _cISSUE
980 _aNB
980 _aRUSPER